000 01115nabaa22002057a 4500
999 _c6310
_d6310
003 OSt
005 20260130184329.0
008 190701b xxu||||| |||| 00| 0 spa d
040 _cPJ
100 _96286
_aDuizeide, Santiago G.
245 1 3 _aLos límites en los decretos de necesidad y urgencia :
_buna mirada sobre la necesidad y la urgencia. ¿Todo vale en pos de dichos conceptos? /
_cSantiago Duizeide.
300 _ap. 18-24
500 _aCita: TR LALEY AR/DOC/2043/2025
505 _aSumario: I. Introducción.— II. Concepto del DNU y su tratamiento en otros países.— III. Los DNU antes y después de la reforma de la Constitución. Un poco de historia.— IV. La sanción de la ley 26.122. Una suerte de "límite" a los DNU. — V. Conclusión.
505 _t¿Te interesa el texto completo? Comunicate al correo: koha@justierradelfuego.gov.ar
650 0 _9211
_aDERECHO ADMINISTRATIVO
650 0 _9200
_aDECRETOS DE NECESIDAD Y URGENCIA
773 0 _02842
_93251
_dBuenos Aires : AbeledoPerrot, 2012-
_oDA121
_tDerecho administrativo. Nº 161 septiembre/octubre 2025
_z18510590
942 _2udc
_cANA